ბათუმის შოთა რუსთაველის სახელმწიფო უნივერსიტეტის ბიბლიოთეკა

Реферативный журнал. Литературоведение, №4, Серия 7 2014. (ბიბ.ჩანაწერი № 46774)

000 -LEADER
fixed length control field 00701nam a2200181Ia 4500
001 - CONTROL NUMBER
control field 13618
003 - CONTROL NUMBER IDENTIFIER
control field GE_BSU
008 - FIXED-LENGTH DATA ELEMENTS--GENERAL INFORMATION
fixed length control field 181216s||||||||xx |||||||||||||| ||und||
040 ## - CATALOGING SOURCE
Transcribing agency GE_BSU
245 ## - TITLE STATEMENT
Title Реферативный журнал. Литературоведение, №4, Серия 7 2014.
245 ## - TITLE STATEMENT
Remainder of title социалные и гуманитарные науки отечественная и зарубежная литература.
260 ## - PUBLICATION, DISTRIBUTION, ETC.
Place of publication, distribution, etc. Москва
260 ## - PUBLICATION, DISTRIBUTION, ETC.
Date of publication, distribution, etc. 2014
300 ## - PHYSICAL DESCRIPTION
Extent 226стр.21см.
653 ## - INDEX TERM--UNCONTROLLED
Uncontrolled term Литературоведение
653 ## - INDEX TERM--UNCONTROLLED
Uncontrolled term Реферативный журнал. Литературоведение, №4, Серия 7 2014.
942 ## - ADDED ENTRY ELEMENTS (KOHA)
Koha item type პერიოდიკა
ეგზემპლარები
Withdrawn status Lost status Damaged status Not for loan Date acquired Barcode Date last seen Price effective from Koha item type
        2018-12-17 p76675 2018-12-17 2018-12-17 პერიოდიკა